000 00436nam a22001697a 4500
003 UA-OsUOA
001 5344
007 ta
008 20050721b un ||||| |||| 00| 0 ukr d
100 _aДемидюк
700 _aЮ. В.
942 _cBK
040 _aUA-OsUOA
_cUA-OsUOA
_dUA-OsUOA
245 _aКомп'ютерні словн. як засіб вивченя інозем. мови.
_bBA Paper
955 _a2
650 7 _2UDC
999 _c291506
_d291506